[Event "Ascona op"]
[Site "Ascona"]
[Date "2003.??.??"]
[Round "?"]
[White "Denzinger, Karl"]
[Black "Klingler, Adalbert"]
[Result "0-1"]
[WhiteElo "1772"]
[BlackElo "1639"]
[PlyCount "78"]
[EventDate "2003.11.03"]
[EventType "swiss"]
[EventRounds "7"]
[EventCountry "SUI"]
[SourceTitle "EXT 2005"]
[Source "ChessBase"]
[SourceDate "2004.11.15"]
[SourceVersion "1"]
[SourceVersionDate "2004.11.15"]
[SourceQuality "1"]

1. e4 d6 2. d4 Nf6 3. Nc3 g6 4. h3 Bg7 5. Nf3 c6 6. Bc4 0-0 7. Bb3 Nbd7 8. 0-0 e5 9. d5 c5 10. Qe2 a6 11. a4 b6 12. Bg5 h6 13. Be3 Kh7 14. Nd2 Qe7 15. f4 exf4 16. Bxf4 Ne5 17. Rae1 Nh5 18. Bh2 Qg5 19. Nf3 Nxf3+ 20. Rxf3 Ra7 21. Bxd6 Re8 22. Kh2 Rd7 23. Bg3 Nxg3 24. Rxg3 Be5 25. Qf3 Bxg3+ 26. Qxg3 Qxg3+ 27. Kxg3 Rde7 28. Rf1 Kg7 29. Bc4 f5 30. exf5 Bxf5 31. Rf2 h5 32. Bxa6 Re3+ 33. Kh2 h4 34. Bb5 Rd8 35. Bc6 Kh6 36. Rd2 Be4 37. Kg1 Rf8 38. Nb5 Re1+ 39. Kh2 Rff1 0-1